1246 1491 1505 1045 1957 1262 1809 1499 1853 1854 1012 1162 1317 1430 1452 1414 1852 1204 1720 1503 1827 1037 1002 1500 1692 1848 1491 1154 1845 1493 1927 1995 1812 1134 1448 1207 1403 1911 1782 1260 1765 1177 1116 1063 1916 1257 1463 1621 1451 1806 1393 1174 1257 1201 1496 1511 1568 1516 1019 1647 1136 1778 1156 1875 1154 1506 1693 1343 1765 1989 1004 1521 1188 1258 1616 1143 1809 1352 1319 1572 1906 1020 1759 1548 1909 1784 1035 1486 1341 1432 1650 1710 1496 1423 1287 1289 1074 1791 1674 BCNSPRNW ULIB Ver.6.0+V

เปลี่ยนเป็นภาษาไทย

Change to English
 แสดงรายละเอียดบรรณานุกรม
  กลับหน้าหลัก

Brief Record : Get Marc (ISO 2709) : E-mail record : QR code < ปิดหน้าต่าง
LEADER : 00000nam 2200000uu 4500
001    13399123259
003     ULIB
008    140807s2550||||th 000 0 tha d
020    ^a9789748075808
041 1  ^atha^heng
090    ^aนว^bฮ864อ
100 1  ^aแฮร์ริส, โรเบิร์ต,^d1957-
245 10 ^aอีนิกมา =^bEnigma /^cโรเบิร์ต แฮร์ริส, เขียน ; นพดล เวชสวัสดิ์, แปล
246 31 ^aEnigma
250    ^aพิมพ์ครั้งที่ 1
260    ^aกรุงเทพฯ :^bปราชญ์เปรียว,^c2550
300    ^a388 หน้า :^bภาพประกอบ ;^c21 ซม.
650  4 ^aนวนิยายอังกฤษ
700 0  ^aนพดล เวชสวัสดิ์,^eผู้แปล
700 12 ^aHarris, Robert,^d1957- .^tEnigma
945    ^p0^l0^i022001
999    ^aเกษร โพธิ์สุวรรณ
รายการนี้ยังไม่มีแท็ก
คุณยังไม่ได้ล็อกอิน คุณสามารถมีกิจกรรมร่วมกับเว็บไซต์ได้ แต่ต้องล็อกอินก่อน ::
  ล็อกอิน

รายการสื่อสารสนเทศ

ลำดับที่ ประเภท เลขเรียก/บาร์โค้ด สถานที่ สถานะ
1. นวนิยาย
นวนิยาย
นว ฮ864อ ฉ.1 
  Barcode: 022001
ห้องสมุดวิทยาเขตสวรรค์ประชารักษ์
►หนังสือทั่วไป
บนชั้น

รายการใกล้เคียง
    หัวเรื่อง [นวนิยายอังกฤษ]

BibComment


ยังไม่เคยถูกคอมเมนท์

คอมเมนท์ทรัพยากรรายการนี้
  คอมเมนท์: อีนิกมา Enigma ..


 Copyright 2026. Bcnsprnw @Library